| 000 | 01042nam a22002655a 4500 | ||
|---|---|---|---|
| 999 |
_c27423 _d27394 |
||
| 003 | EG-ScBUE | ||
| 005 | 20190504105437.0 | ||
| 008 | 190504s2013 ua gr 000 0 ara d | ||
| 017 | _a20113 / 18192 | ||
| 020 | _a9789777400190 | ||
| 040 |
_aEG-ScBUE _bara _cEG-ScBUE _dEG-ScBUE |
||
| 082 | 0 | 4 |
_a320.54095694 _bل ي ف _222 |
| 100 | 1 | _aليفي، أوسكار. | |
| 245 | 1 | 0 |
_aبروتوكولات حكماء صهيون : _bالنص الكامل للمخطوطات الصهيونية للسيطرة على دول العالم / _cأوسكار ليفي ؛ مقدمة عباس محمود العقاد. |
| 250 | _aط. 5. | ||
| 260 |
_aالقاهرة : _bدار الحياة للنشر والتوزيع، _c2013. |
||
| 300 |
_a192 ص. ؛ _c24 سم. |
||
| 650 | 7 |
_aالصهيونية. _2BUEsh |
|
| 650 | 7 |
_aاليهودية. _2BUEsh |
|
| 650 | 7 |
_aالنزاع العربي الإسرائيلي. _2BUEsh |
|
| 651 | _2BUEsh | ||
| 653 |
_bBUSBOL _cMay2019 |
||
| 700 | 1 |
_aعقاد، عباس محمود، _d1889-1964، _eمقدم. |
|
| 942 | _2ddc | ||